000 00676nam a2200277Ia 4500
005 20260324143240.0
008 008 260324s9999 xx 000 0 eng d
020 _a9781315788807
037 _aEBOOK
040 _aCRL
040 _beng
040 _cCRL
041 _2eng
041 _aeng
084 _qCRL
100 _aGregory P. Marchildon; Duncan McDowall
_91214949
245 0 _aCanadian Multinationals and International Finance
260 _bTaylor and Francis
260 _c1992
365 _a
365 _b220
856 _uhttp://www.taylorfrancis.com/books/9781315788807
942 _cEBOOK
999 _c1820096
_d1820096